000 00608nam a22002297a 4500
003 UA-OsUOA
001 92907
007 ta
008 20130103b un ||||| |||| 00| 0 ukr d
100 _aБелов В.
090 _a821.161.1
_bБ43
942 _cBK
040 _aUA-OsUOA
_bukr
_cUA-OsUOA
_dUA-OsUOA
245 _aГудуть дроти
_bПовісті, Оповідання
300 _a340 с.
955 _a3
041 _aukr
080 _a821.161.1
260 _aК.
_bДніпро
_c1983
650 7 _a82 Література. Літературознавство
_2UDC
999 _c379495
_d379495